ბათუმის შოთა რუსთაველის სახელმწიფო უნივერსიტეტის ბიბლიოთეკა

თხზულებანი : 2 წიგნად. წ. 1 : (ბიბ.ჩანაწერი № 56083)

000 -ლიდერი
ფიქსირებული სიგრძის საკონტროლო ველი 01372nam a2200265Ia 4500
001 - საკონტროლო ნომერი
საკონტროლო ველი 23183
003 - საკონტროლო ნომრის იდენტიფიკატორი
საკონტროლო ველი GE_BSU
005 - ბოლო ოპერაციის თარიღი და დრო
საკონტროლო ველი 20230719150321.0
008 - ფიქსირებული სიგრძის მონაცემთა ელემენტები - ზოგადი ინფორმაცია
ფიქსირებული სიგრძის საკონტროლო ველი 181216s1970||||ge |||||||||||||| ||geo||
040 ## - კატალოგიზაციის წყარო
Transcribing agency GE_BSU
041 ## - ენის კოდი
Language code of text/sound track or separate title geo
080 ## - უნივერსალური ათობითი კლასიფიკაციის ინდექსი
Universal Decimal Classification number 821.111-2 შ-56
100 ## - მთავარი ჩანაწერი - პიროვნების სახელი
Personal name შექსპირი, უილიამ
9 (RLIN) 19443
245 ## - ცნობა სათაურის შესახებ
Title თხზულებანი : 2 წიგნად. წ. 1 :
Remainder of title ზაფხულის ღამის სიზმარი ; მეფე ჰენრი მეოთხე ; უინძორელი მხიარული ქალები /
Statement of responsibility, etc უილიამ შექსპირი ; თარგმანი ვ. ჭელიძისა ; რედ. ვ. ძიძიგური.
264 ## - წარმოების, გამოცემის, დისტრიბუციის და სხვა ცნობები
გამოცემის, წარმოების, დისტრიბუციის... ადგილი თბილისი :
გამოცემის, წარმოების, დისტრიბუციის... სახელწოდება ნაკადული,
გამოცემის, წარმოების, დისტრიბუციის... თარიღი 1970.
300 ## - ფიზიკური აღწერა
Extent 536 გვ. ;
Dimensions 22 სმ.
653 ## - INDEX TERM--UNCONTROLLED
Uncontrolled term ზაფხულის ღამის სიზმარი
653 ## - INDEX TERM--UNCONTROLLED
Uncontrolled term მეფე ჰენრი მეოთხე
653 ## - INDEX TERM--UNCONTROLLED
Uncontrolled term უინძორელი მხიარული ქალები
653 ## - INDEX TERM--UNCONTROLLED
Uncontrolled term თხზულებანი : 2 წიგნად. წ. 1.
700 ## - ADDED ENTRY--PERSONAL NAME
Personal name ჭელიძე, ვ.
Relator term თარგმანი
9 (RLIN) 6048
700 ## - ADDED ENTRY--PERSONAL NAME
Personal name ძიძიგური, ვ.
Relator term რედაქტორი
9 (RLIN) 3813
942 ## - ADDED ENTRY ELEMENTS (KOHA)
Koha item type წიგნი
Source of classification or shelving scheme
ეგზემპლარები
ჩამოწერის სტატუსი დაკარგული ეგზემპლარის სტატუსი კლასიფიკაციის წყარო ან თაროზე გაწყობის სქემა დაზიანების სტატუსი არ გაიცემა მუდმივი მდებარეობა (დაცვის ადგილი) ამჟამინდელი ადგილსამყოფელი თაროზე განთავსების ადგილი შეძენის თარიღი ღირებულება, შესყიდვის ნორმალური ფასი სრული შენახვის შიფრი შტრიხკოდი ბოლო ოპერაციის თარიღი ეგზემპლარის მიმდევრობითი ნომერი (კეტერი?) ფასის ძალაში შესვლის თარიღი ეგზემპლარის სახეობა საჯარო შენიშვნა
          ბათუმის შოთა რუსთაველის სახელმწიფო უნივერსიტეტის მთავარი ბიბლიოთეკა ბათუმის შოთა რუსთაველის სახელმწიფო უნივერსიტეტის მთავარი ბიბლიოთეკა წიგნსაცავი 2018-12-17 3.60 821.111-2 შ-56 58601 2018-12-17 58601 2018-12-17 წიგნი 3.60 ₾.